00525nam a22001577a 450000500170000001000150001702000260003203500140005803700090007208200110008110000190009224500400011126000560015127001170020730000430032420211228152516.0 aENG-130726 a9789389152197c399.00 aEN-114258 bDBAD a823.92 aSanghi, Ashwin aThe Vault of Vishnu:cAshwin Sanghi aChennaibWestland Publication Private Limitedc2020 a1st Floor, A Block, East Wing, Plot No. 40, SP Infocity, Dr MGR Saiai, Purungudi, KandanchavadibChennaie600096 a327pc20 cm(pbk)bFootnote, References